Statistics for Top 5 Songs On Significant Other (Limp Bizkit)

Click here to take the quiz!

General Stats

  • This quiz has been taken 18 times
  • The average score is 4 of 5

Answer Stats

HintAnswer% Correct
412,550,284Break Stuff
100%
115,936,707Nookie
100%
38,872,495Re-Arranged
87%
20,332,645Just Like This
73%
59,801,748N 2 Gether Now
67%

Score Distribution

Percentile by Number Answered

Percent of People with Each Score

Your Score History

You have not taken this quiz